00732nam a2200169 a 4500008004100000050002300041110004900064245007100113260005100184300001400235350000900249650003700258710003200295995009300327999001700420952012500437090618s1973 ||||||||||||||||| || u aGOV.ZAM(02)1973/11 aGovernment of the Republic of Zimbabwe (GRZ)10aRhodesia national bibliography 1972cNational Archives of Rhodesia aSalisburybNational Archives of Rhodesiac1973 aiii, 23p. a0.00 aBIBLIOGRAPHY, NATIONAL--ZIMBABWE aZimbabwe. National Archives D0.00FCBU-MAIN LIBRARY (Kitwe)H1I0.00M1UAVAILABLEWJun 18, 2009ZZambiana Collection c56532d56532 00102lcc4070a001b001cZambiana Collectiond2022-11-30l0oGOV.ZAM(02)1973/11p03004167r2022-11-30w2022-11-30y002